Normal view
MARC view
- ادارة الخطر- الشركات الصناعية
Entry Topical Term
001 - CONTROL NUMBER
- control field: 57332
003 - CONTROL NUMBER IDENTIFIER
- control field: JO-AjAnu
005 - DATE AND TIME OF LATEST TRANSACTION
- control field: 20230606083405.0
008 - FIXED-LENGTH DATA ELEMENTS
- fixed length control field: 230606|| aca||aabn | a|a d
040 ## - CATALOGING SOURCE
- Original cataloging agency: JO-AjAnu
- Transcribing agency: JO-AjAnu
150 ## - HEADING--TOPICAL TERM
- Topical term or geographic name entry element: ادارة الخطر- الشركات الصناعية
670 ## - SOURCE DATA FOUND
- Source citation: Work cat.: (JO-AjAnu)29251: بني حمدان، خالد محمد طلال ؛ اشراف سعد زناد دروش الحياوي, author 57331, واقع إدارة الخطر في الشركات الصناعية الأردنية والعوامل المؤثرة فيه : دراسة تحليلية لأراء عينة من مدراء الشركات الصناعية المساهمة في الأردن